Normal view
MARC view
- المطوع،عبدالعزيز بن صالح بن جاسم
Entry Personal Name
001 - CONTROL NUMBER
- control field: 43527
003 - CONTROL NUMBER IDENTIFIER
- control field: JO-AjAnu
005 - DATE AND TIME OF LATEST TRANSACTION
- control field: 20230606081219.0
008 - FIXED-LENGTH DATA ELEMENTS
- fixed length control field: 230606|| aca||aabn | a|a d
040 ## - CATALOGING SOURCE
- Original cataloging agency: JO-AjAnu
- Transcribing agency: JO-AjAnu
100 ## - HEADING--PERSONAL NAME
- Personal name: المطوع،عبدالعزيز بن صالح بن جاسم
670 ## - SOURCE DATA FOUND
- Source citation: Work cat.: (JO-AjAnu)22287: المطوع،عبدالعزيز بن صالح بن جاسم , author, تصميم برنامج إرشادي وقياس أثره في تخفيض درجة الإحتراق النفسي لدى المرشدين المدرسيين بالمنطقة الشرقية